000 00537nam a2200181 4500
003 SEACOMEC
005 20240523113829.0
008 240523b |||||||| |||| 00| 0 eng d
020 _a0121942759
_c495.00
040 _aSEACOMEC
082 _a511.313
_bC877
100 _aCox, Earl
245 _aFurey modeling and genetic algorithimes For Data Mining And Exploration
_cEarl Cox
260 _a New Delhi: Elsevier; Morgan Kaufmann 2005
300 _axxi, 530p
650 _aData Mining -Fuzzy Logic -Genetic Algorithms
942 _cBOOK
999 _c1179
_d1179